000 00416nam a22001097a 4500
050 _a(The) SF 487
_b.K5 2024
100 _aKitonyi Joseph Muthiani
245 _aEffects of tramadol, paracetamol and diclofenac in management of pain in chicken (Gallus gallus domesticus)
300 _a62p.
650 _bPain management in chicken
_veffects of tramadol, paracetamol and diclofenac in pain management
942 _2lcc
_cTHE
999 _c18774
_d18774